Statistiques concernant One Piece-Satellites de Vegapunk

Cliquez ici pour prendre le quiz!

Statistiques générales

  • Ce quiz a été pris 38 fois
  • Le résultat moyen est 5 sur 7

Statistiques - réponses

NuméroNom% Correct
Punk-02Lilith
77%
Punk-04Pythagoras
69%
Corps principalStella
69%
Punk-05Atlas
66%
Punk-01Shaka
63%
Punk-O3Edison
60%
Punk-06York
60%

Distribution des résultats

Percentile par nombre de réponses

% des personnes avec chaque résultat

Votre développement - résultats

Vous n’avez pas pris ce quiz